NASA thesaurus alphabetical update: (Record no. 7710)
[ view plain ]
| 000 -LEADER | |
|---|---|
| fixed length control field | 00642nam a22001577a 4500 |
| 008 - FIXED-LENGTH DATA ELEMENTS--GENERAL INFORMATION | |
| fixed length control field | 230310b |||||||| |||| 00| 0 eng d |
| 040 ## - CATALOGING SOURCE | |
| Original cataloging agency | National Science Library |
| Transcribing agency | National Science Library |
| 080 ## - UNIVERSAL DECIMAL CLASSIFICATION NUMBER | |
| Universal Decimal Classification number | D 025.43:629.7 |
| Item number | L1.1 |
| 245 ## - TITLE STATEMENT | |
| Title | NASA thesaurus alphabetical update: |
| Remainder of title | Subject terms for indexing scientific and technical information |
| Statement of responsibility, etc. | / National Aeronautics and Space Administration, Washington D. C., September 1971 |
| 260 ## - PUBLICATION, DISTRIBUTION, ETC. | |
| Place of publication, distribution, etc. | Washington D. C.: |
| Name of publisher, distributor, etc. | National Aeronautics and Space Administration, |
| Date of publication, distribution, etc. | 1971 |
| 300 ## - PHYSICAL DESCRIPTION | |
| Extent | xi, 610p. |
| 500 ## - GENERAL NOTE | |
| General note | NASA SP-7040 |
| 650 ## - SUBJECT ADDED ENTRY--TOPICAL TERM | |
| Topical term or geographic name entry element | Library science |
| 653 ## - INDEX TERM--UNCONTROLLED | |
| Uncontrolled term | Aeronautics |
| 942 ## - ADDED ENTRY ELEMENTS (KOHA) | |
| Source of classification or shelving scheme | Universal Decimal Classification |
| Koha item type | Reference |
| Withdrawn status | Lost status | Source of classification or shelving scheme | Damaged status | Not for loan | Home library | Current library | Shelving location | Date acquired | Total Checkouts | Full call number | Barcode | Date last seen | Price effective from | Koha item type |
|---|---|---|---|---|---|---|---|---|---|---|---|---|---|---|
| Universal Decimal Classification | National Science Library | National Science Library | GF/Rk-2/C-15/R-2 | 06/08/1973 | D025.43:629.7 L1.1 | 44181 | 10/03/2023 | 10/03/2023 | Reference | |||||
| Universal Decimal Classification | National Science Library | National Science Library | GF/Rk-2/C-15/R-2 | 06/08/1973 | D025.43:629.7 L1 | 43998 | 10/03/2023 | 10/03/2023 | Reference |